| 000 | 00497nam a2200169Ia 4500 | ||
|---|---|---|---|
| 003 | Ost | ||
| 005 | 20260507075700.0 | ||
| 008 | 260507s9999||||xx |||||||||||||| ||und|| | ||
| 040 | _cfsecg | ||
| 041 | _aara | ||
| 100 |
_aالقبلان، يوسف بن محمد _eمؤلف |
||
| 245 | 0 |
_aثقافة ادارية / _c يوسف بن محمد القبلان |
|
| 260 |
_aالرياض: _bمكتبة الملك فهد, _c2001 |
||
| 300 | _a361 صفحة؛ | ||
| 653 | _aادارة | ||
| 942 | _cكتاب | ||
| 999 |
_c45805 _d45805 |
||